Quartiere Berns Liste - Statistiken

Allgemein
  • Dieses Quiz wurde 24 mal gespielt
  • Das Durchschnittsergebnis liegt bei 13 aus 32
Antwortstatistiken
Stadtteil Antwort % Korrekt
Breitenrain
82%
IV Kirchenfeld
82%
Lorraine
82%
I Schwarzes Quartier (Matte)
82%
Länggasse
71%
VI Bümpliz
65%
Bethlehem
59%
Gelbes Quartier
59%
Grünes Quartier
59%
Rotes Quartier
59%
Weisses Quartier
59%
Mattenhof
53%
Weissenbühl
53%
Neufeld
47%
Felsenau
35%
Murifeld
35%
Schosshalde
35%
Brunnadern
29%
III Holligen
29%
Monbijou
29%
Oberbottigen
29%
Sandrain
24%
Spitalacker
24%
Stöckacker
24%
V Altenberg
18%
Breitfeld
18%
Weissenstein
18%
Muesmatt
12%
Stadtbach
12%
Beundenfeld
6%
II Engeried
6%
Gryphenhübeli
6%
Keine übereinstimmenden Quizze gefunden
Verteilung der Resultate
Anzahl Personen mit jedem Resultat
Perzentil nach korrekt beantworteten Fragen
Ihre Resultats-Entwicklung
Sie haben dieses Quiz noch nicht gespielt